Library Logo

Pioneer International University Library Catalogue

Small business management fundamentals / (Record no. 3985)

MARC details
000 -LEADER
fixed length control field 00543pam a2200181 a 4500
005 - DATE AND TIME OF LATEST TRANSACTION
control field 20250901165434.0
008 - FIXED-LENGTH DATA ELEMENTS--GENERAL INFORMATION
fixed length control field 880729s1989 nyua b 001 0 eng
010 ## - LIBRARY OF CONGRESS CONTROL NUMBER
LC control number 88023123
020 ## - INTERNATIONAL STANDARD BOOK NUMBER
International Standard Book Number 0070611505 :
Terms of availability $29.95 (est.)
050 00 - LIBRARY OF CONGRESS CALL NUMBER
Classification number HD62.7 .S8 1989
Item number .S8 1989
082 00 - DEWEY DECIMAL CLASSIFICATION NUMBER
Classification number 658/.022
Edition information 19
100 1# - MAIN ENTRY--PERSONAL NAME
Personal name Steinhoff, Dan.
245 10 - TITLE STATEMENT
Title Small business management fundamentals /
Statement of responsibility, etc. Dan Steinhoff, John F. Burgess.
250 ## - EDITION STATEMENT
Edition statement 5th ed.
260 ## - PUBLICATION, DISTRIBUTION, ETC.
Place of publication, distribution, etc. New York :
Name of publisher, distributor, etc. McGraw-Hill,
Date of publication, distribution, etc. c1989.
300 ## - PHYSICAL DESCRIPTION
Extent xxviii, 492 p. :
Other physical details ill. ;
Dimensions 24 cm.
942 ## - ADDED ENTRY ELEMENTS (KOHA)
Source of classification or shelving scheme Library of Congress Classification
Holdings
Withdrawn status Lost status Source of classification or shelving scheme Damaged status Not for loan Home library Current library Shelving location Date acquired Total checkouts Full call number Barcode Date last seen Price effective from Koha item type
    Library of Congress Classification     Main Library Main Library   03/31/2021   HD62.7 .S8 1989 PIU0002106 03/31/2021 03/31/2021 Books